| 000 | 01185nam a22002657a 4500 | ||
|---|---|---|---|
| 005 | 20090523120027.0 | ||
| 008 | 090523t xxu||||| |||| 00| 0 hin d | ||
| 010 | _aHIN-92287 | ||
| 020 |
_a9788181501066 _c155.00 |
||
| 035 | _aHN-64633 | ||
| 037 | _bDBAD / PUB | ||
| 040 |
_aDPL _bHN |
||
| 082 | _aउ | ||
| 100 |
_aखन्ना, नवीन _924198 |
||
| 245 |
_aजिस दिन वे एक होंगे / _cनवीन खन्ना |
||
| 246 |
_aJis din ve ek honge _bby Naveen khanna |
||
| 250 | _a2रा संस्क | ||
| 260 |
_aनई दिल्ली _bअरावली बुक्स _c2010 |
||
| 270 |
_aW-30, ओखला इडंस्ट्रियल एरिया फेज-2 _bनई दिल्ली _e110020 _k26388830-32, 26389736-38 _l26388829 |
||
| 300 |
_a102पृ. _c22सेमी (अजिल्द) |
||
| 650 |
_924199 _aहिन्दी कथा साहित्य |
||
| 650 |
_924200 _aHindi Novel |
||
| 942 |
_2ddc _cHN _mखन्नान _hउ |
||
| 999 |
_c51510 _d51510 |
||